[Event "MK Cafe Cup-B"]
[Site "Koszalin"]
[Date "1999.08.12"]
[Round "9"]
[White "Mickiewicz, Piotr"]
[Black "Korobov, Anton"]
[Result "0-1"]
[WhiteElo "2219"]
[BlackElo "2336"]

1.e4 c5 2.Nf3 d6 3.d4 cxd4 4.Nxd4 Nf6 5.Nc3 a6 6.Be2 e6 7.O-O Be7 8.f4 Qc7
9.Kh1 Nbd7 10.Bf3 O-O 11.g4 Rd8 12.g5 Ne8 13.a4 b6 14.Bg2 Bb7 15.f5 exf5
16.Nxf5 Bf8 17.Bf4 Rac8 18.Qh5 Ne5 19.Bxe5 dxe5 20.Rf3 g6 21.Nh6+ Bxh6 22.Qxh6 Rd2
23.Bh3 Rcd8 24.Be6 Nd6 25.Bd5 Bxd5 26.Nxd5 Rxd5 27.exd5 Qxc2 28.Qh4 Qxb2
29.Re1 Qd2 30.Rxe5 Qd1+ 31.Kg2 Rc8 32.Qf4 b5 33.axb5 axb5 34.Qf6 Qd2+ 35.Kh3 Qb4
36.Re7 Rf8 37.Qf4 Qc5 38.Rd7 Nf5 39.Qe5 b4 40.Rc7 Qb5 41.Qe4 b3 42.Qd3 Qb8
43.Rc3 b2 44.Rb3 Qe5 45.Rf1 Rd8 46.Rd1 Qf4 47.Rxb2 Re8 48.Kg2 Ne3+  0-1

[Event "MK Cafe Cup-B"]
[Site "Koszalin"]
[Date "1999.08.13"]
[Round "10"]
[White "Korobov, Anton"]
[Black "Sakalauskas, Vaidas"]
[Result "1-0"]
[WhiteElo "2336"]
[BlackElo "2450"]

1.d4 Nf6 2.Nf3 g6 3.c4 Bg7 4.Nc3 d5 5.e3 O-O 6.Be2 e6 7.O-O b6 8.b3 Bb7 9.a4 c5
10.Ba3 Nbd7 11.Rc1 Qe7 12.Qc2 Rac8 13.Rfd1 Rfd8 14.a5 Bf8 15.cxd5 exd5 16.Nb5 Ra8
17.Nc7 Rac8 18.Nb5 Ra8 19.Qa2 Rdc8 20.Rc2 Qe6 21.dxc5 bxc5 22.Rdc1 Ne4 23.Nc3 f5
24.Bb5 Ndf6 25.Na4 a6 26.Bf1 Nd7 27.Ne1 Bc6 28.Nc3 Nxc3 29.Rxc3 Bb5 30.Nd3 Bxd3
31.Rxd3 Ne5 32.Rdd1 Rc6 33.Bb2 Rd8 34.Qa4 Bg7 35.Bxe5 Bxe5 36.b4 Bd6 37.g3 Be7
38.b5 axb5 39.Bxb5 Rc7 40.a6 Kg7 41.Qa5 Qc8 42.a7 Qb7 43.Rxd5 Ra8 44.Qc3+ Bf6
45.Qc4 Be7 46.e4 fxe4 47.Qxe4 Rxa7 48.Bc4 Bf6 49.Rcd1 Qb2 50.Qf4 Bc3 51.Rd8 Rf7
52.Bxf7 Rxf7 53.R1d7 Qa2 54.Rxf7+ Qxf7 55.Qxf7+ Kxf7 56.Rd7+ Kg8 57.Rc7 Bd4
58.Kg2 Kh8 59.f4 Kg8 60.Kf3 Bg1 61.h3 Bd4 62.Ke4 Bf2 63.g4  1-0

[Event "EU-ch U18"]
[Site "Litohoto"]
[Date "1999.09.03"]
[Round "1"]
[White "Korobov, Anton"]
[Black "Manafov, Ilkin"]
[Result "1-0"]
[WhiteElo "2336"]
[BlackElo "2131"]

1.d4 Nf6 2.Nf3 g6 3.c4 c5 4.Nc3 cxd4 5.Nxd4 Nc6 6.e4 Bg7 7.Be3 d6 8.Be2 Ng4
9.Bxg4 Bxg4 10.Nxc6 Qd7 11.f3 Qxc6 12.fxg4 Bxc3+  1-0

[Event "EU-ch U18"]
[Site "Litohoto"]
[Date "1999.09.04"]
[Round "2"]
[White "Merino Garcia, Rafael"]
[Black "Korobov, Anton"]
[Result "1/2-1/2"]
[WhiteElo "2330"]
[BlackElo "2336"]

1.d4 d5 2.Nf3 Nf6 3.c4 c6 4.e3 e6 5.Nbd2 Nbd7 6.Bd3 Bd6 7.O-O O-O 8.e4 e5
9.cxd5 cxd5 10.exd5 exd4 11.Ne4 Qb6 12.Nxd6 Qxd6 13.Nxd4 Nxd5 14.Nb5 Qc5
15.b4 Qc6 16.Nd4 Qd6 17.Bb2 N7f6 18.a3 Bg4 19.Qb3 Rad8 20.h3 Bh5 21.Nf5 Qd7
22.Ng3 Bg6 23.Rfd1 Qc7 24.Rac1 Qb6 25.Bxg6 hxg6 26.Bd4 Qa6 27.Bxf6 Nxf6 28.Rxd8 Rxd8
29.Rc7 Nd5 30.Rc5 Qe6 31.Qc2 Nf4 32.Qe4 Qxe4 33.Nxe4 Ne6 34.Rc3 Kf8 35.Nc5 Nxc5
36.Rxc5 Ke7 37.Kf1 Ke6 38.Rc3 Rd7 39.Ke2 Kf6  1/2-1/2

[Event "EU-ch U18"]
[Site "Litohoto"]
[Date "1999.09.08"]
[Round "6"]
[White "Bokros, Albert"]
[Black "Korobov, Anton"]
[Result "0-1"]
[WhiteElo "2405"]
[BlackElo "2336"]

1.e4 c5 2.Nf3 d6 3.d4 cxd4 4.Nxd4 Nf6 5.Nc3 a6 6.Bg5 Nbd7 7.f4 g6 8.Qf3 Bg7
9.O-O-O O-O 10.Bc4 Qc7 11.Bb3 Nb6 12.Bxf6 Bxf6 13.g4 Qc5 14.Nde2 a5 15.a3 a4
16.Ba2 Be6 17.Bxe6 fxe6 18.Rd3 Nc4 19.Qh3 Qb6 20.g5 Qxb2+ 21.Kd1 Qa1+ 22.Nc1 Nb2+
23.Kd2 Nxd3 24.Qxe6+ Rf7 25.gxf6 Nxf4 26.Qc4 Qxa3 27.Rf1 e5  0-1

[Event "EU-ch U18"]
[Site "Litohoto"]
[Date "1999.09.10"]
[Round "8"]
[White "Horvath, Adam"]
[Black "Korobov, Anton"]
[Result "1-0"]
[WhiteElo "2412"]
[BlackElo "2336"]

1.e4 c5 2.Nf3 d6 3.d4 cxd4 4.Nxd4 Nf6 5.Nc3 a6 6.Bg5 Nbd7 7.Bc4 h6 8.Bxf6 Nxf6
9.Qe2 Qb6 10.O-O-O e6 11.f4 Be7 12.g4 Qc5 13.h4 b5 14.Bb3 Bd7 15.Qf3 Rc8
16.g5 b4 17.gxf6 gxf6 18.Nb1 a5 19.a4 bxa3 20.Nxa3 e5 21.Nf5  1-0

[Event "EU-ch U18"]
[Site "Litohoto"]
[Date "1999.09.11"]
[Round "9"]
[White "Korobov, Anton"]
[Black "Erturan, Y."]
[Result "1-0"]
[WhiteElo "2336"]
[BlackElo "2148"]

1.d4 d5 2.c4 e6 3.Nc3 Nf6 4.Nf3 Be7 5.cxd5 exd5 6.Bg5 O-O 7.e3 Re8 8.Bd3 Nbd7
9.O-O c6 10.Qc2 Nf8 11.Rab1 h6 12.Bh4 Ne4 13.Bxe7 Qxe7 14.Bxe4 dxe4 15.Nd2 f5
16.Rbe1 Be6 17.f3 Bd5 18.fxe4 fxe4 19.Rf5 Qd7 20.Ref1 Ng6 21.Ndxe4 Qe7 22.Rxd5 cxd5
23.Nf6+ gxf6 24.Qxg6+ Qg7 25.Qf5 Qg5 26.Nxd5 Qxf5 27.Rxf5 Rf8 28.Nxf6+ Kg7
29.Nh5+ Kg6 30.Rd5 Rf7 31.Nf4+ Kh7 32.Rc5 Re8 33.Kf2 Ree7 34.Kf3 Rc7 35.b4 b6
36.Rb5 Rc2 37.a4 Ra2 38.a5 bxa5 39.bxa5 a6 40.Rc5 Rb2 41.Rc6 Ra7 42.d5 Rb5
43.e4 Rxa5 44.e5 Rb5 45.e6 a5 46.d6 Rb3+ 47.Ke4 a4 48.Rc7+ Rxc7 49.dxc7 Rc3
50.e7 Rc1 51.Nd3  1-0

[Event "Extraliga CZE"]
[Site "Ostrava CZE"]
[Date "1999.11.01"]
[Round "2"]
[White "Biolek,R"]
[Black "Korobov,A"]
[Result "1-0"]
[WhiteElo "2439"]
[BlackElo "2336"]

1.e4 c5 2.Nf3 d6 3.d4 cxd4 4.Nxd4 Nf6 5.Nc3 a6 6.h3 e6 7.g4 d5 8.exd5 Nxd5
9.Nxd5 Qxd5 10.Rg1 e5 11.Nb3 Qxd1+ 12.Kxd1 Nc6 13.c3 Be7 14.Be3 Be6 15.Kc2 Rc8
16.Rd1 Nb4+ 17.Kb1 Nd5 18.Bg2 Nxe3 19.fxe3 Rc7 20.Bd5 Bc8 21.Nd2 f6 22.Nc4 Bd7
23.Nb6 Bc6 24.b4 g6 25.e4 Kf8 26.Kb2 Kg7 27.Bxc6 bxc6 28.Kb3 Rb8 29.Nc4 c5
30.a3 cxb4 31.cxb4 Bc5 32.Rg2 Bd4 33.Rc2 Rf8 34.Rf1 h5 35.Ne3 Rcf7 36.Nd5 hxg4
37.hxg4 f5 38.gxf5 gxf5 39.Rg2+ Kh8 40.Nf6  1-0

[Event "Extraliga CZE"]
[Site "Ostrava CZE"]
[Date "1999.11.21"]
[Round "4"]
[White "Cvek,R"]
[Black "Korobov,A"]
[Result "1/2-1/2"]
[WhiteElo "2444"]
[BlackElo "2336"]

1.c4 e6 2.b3 Nf6 3.Bb2 d5 4.e3 Be7 5.Nf3 O-O 6.Be2 c5 7.O-O Nc6 8.cxd5 exd5
9.d4 h6 10.Nc3 Be6 11.dxc5 Bxc5 12.Nb5 Ne4 13.Nbd4 Qe7 14.Rc1 Rac8 15.Nxc6 bxc6
16.Nd4 Bd7 17.Ba6 Rc7 18.Bd3 Bd6 19.Qc2 c5 20.Nb5 Bxb5 21.Bxb5 Be5 22.Bxe5 Qxe5
23.Bd3 Nf6 24.Qc3 Qe7 25.Qa5 Rd8 26.Rc2 d4 27.e4 Ng4 28.h3 Ne5 29.Qd2 g5
30.Rfc1 Rb8 31.Bf1  1/2-1/2

[Event "ch-RUS KO"]
[Site "Moscow RUS"]
[Date "1999.12.15"]
[Round "1.1"]
[White "Makarov,M"]
[Black "Korobov,A"]
[Result "1-0"]
[WhiteElo "2527"]
[BlackElo "2336"]

1.Nf3 f5 2.g3 Nf6 3.Bg2 g6 4.O-O Bg7 5.c4 d6 6.d4 O-O 7.Nc3 Qe8 8.Nd5 Na6
9.Nxf6+ Rxf6 10.d5 Nc5 11.b4 Rf8 12.Rb1 Ne4 13.Bb2 e5 14.dxe6 Bxb2 15.Rxb2 Bxe6
16.Nd2 Nc3 17.Qe1 Bf7 18.e3 c6 19.f4 Rd8 20.Rc2 Ne4 21.Nxe4 fxe4 22.Qc3 Qe7
23.Rd1 d5 24.cxd5 Rxd5 25.Rxd5 Bxd5 26.Bf1 Rd8 27.Rd2 Bf7 28.Qe5 Qxe5 29.Rxd8+ Qe8
30.Rxe8+ Bxe8 31.Kf2 Bf7 32.a3 Ba2 33.Ke1 Kf7 34.Kd2 Ke6 35.Kc3 Kd5 36.g4 b6
37.h4 c5 38.Ba6 Kc6 39.bxc5 Kxc5 40.Bc8 b5 41.f5 a5 42.f6 Kd6 43.g5 Bd5 44.Bg4 Be6
45.Bxe6 Kxe6 46.Kd4 Kd6 47.Kxe4  1-0

[Event "UKR-ch U18"]
[Site "Dnepropetrovsk"]
[Date "1999.??.??"]
[Round "1"]
[White "Korobov, Anton"]
[Black "Zakharov, Vladimir"]
[Result "1-0"]
[WhiteElo "2320"]
[BlackElo "2376"]

1.d4 d5 2.c4 dxc4 3.e3 e6 4.Bxc4 Nf6 5.Nf3 a6 6.Bb3 c5 7.Nc3 Nc6 8.O-O cxd4
9.exd4 Be7 10.Bg5 O-O 11.Re1 Na5 12.Bc2 b5 13.Qd3 g6 14.Ne5 Bb7 15.a3 Rc8
16.Bh6 Re8 17.Qg3 Nh5 18.Qh3 Bf6 19.Rad1 Nc4 20.Nxc4 Rxc4 21.Be3 Rc7 22.Be4 Bxe4
23.Nxe4 Rd7 24.g4 Ng7 25.Qf3 Be7 26.Nc5 Rd5 27.Nxa6 f5 28.Nc5 Bd6 29.h3 Rf8
30.Bh6 fxg4 31.Qxg4 Bxc5 32.dxc5 Qf6 33.Be3 Nf5 34.Bg5 Qxb2 35.Rxd5 exd5
36.Qf3 d4 37.Qd5+ Kh8 38.Bf4 Ng7 39.Qd6 Kg8 40.c6 Qc3 41.Rc1 Qxh3 42.c7 Qg4+
43.Bg3 Rc8 44.Qd8+ Kf7 45.Re1 g5 46.Re7+ Kg6 47.Qd6+ Kh5 48.Rxg7 Qd1+ 49.Kg2  1-0

[Event "UKR-ch U18"]
[Site "Dnepropetrovsk"]
[Date "1999.??.??"]
[Round "3"]
[White "Korobov, Anton"]
[Black "Khaetsky, Roman"]
[Result "1-0"]
[WhiteElo "2320"]
[BlackElo "2294"]

1.d4 Nf6 2.Nf3 c6 3.c4 d6 4.Nc3 Nbd7 5.e4 e5 6.Be2 Be7 7.O-O O-O 8.h3 a6
9.Be3 b5 10.a3 Bb7 11.Qc2 Rc8 12.Rfd1 Qc7 13.Rac1 Rfe8 14.Qb1 Qb8 15.dxe5 dxe5
16.b4 h6 17.Nh4 Nf8 18.Nf5 Ne6 19.Nxe7+ Rxe7 20.a4 c5 21.axb5 axb5 22.cxb5 Nd4
23.Bf1 Rec7 24.f3 Ba8 25.bxc5 Rxc5 26.Na4 Rxc1 27.Rxc1 Nh5 28.Rxc8+ Qxc8
29.Qc1 Qb8 30.b6 Ng3 31.Bxd4 exd4 32.Qc7 Qe8 33.Qxg3 Qxa4 34.Qb8+ Kh7 35.b7  1-0

[Event "UKR-ch U18"]
[Site "Dnepropetrovsk"]
[Date "1999.??.??"]
[Round "8"]
[White "Efimenko, Zahar"]
[Black "Korobov, Anton"]
[Result "1/2-1/2"]
[WhiteElo "2343"]
[BlackElo "2320"]

1.e4 c5 2.Nf3 d6 3.d4 cxd4 4.Nxd4 Nf6 5.Nc3 a6 6.Bg5 Nbd7 7.f4 g6 8.Qd2 Bg7
9.O-O-O O-O 10.Be2 Qc7 11.Bf3 Nb6 12.f5 Nc4 13.Qe2 e6 14.fxg6 fxg6 15.Rhf1 Bd7
16.Kb1 Rac8 17.Bc1 b5 18.Qe1 b4 19.Nce2 e5 20.Nb3 a5 21.h4 Be6 22.Na1 Ng4
23.Ng3 Nh2 24.Rf2 Nxf3 25.gxf3 h5 26.Rd3 a4 27.Qxb4 Rb8 28.Qe1 d5 29.b3 d4
30.Rg2 Kh7 31.Ne2 Rfc8 32.Qg3 Bf7 33.f4 axb3 34.cxb3 exf4 35.Bxf4 Na3+ 36.Kb2 Nc4+
37.Kb1 Na3+ 38.Kb2 Nc4+ 39.Kb1 Na3+ 40.Kb2 Nc4+  1/2-1/2

[Event "UKR-ch U18"]
[Site "Dnepropetrovsk"]
[Date "1999.??.??"]
[Round "9"]
[White "Korobov, Anton"]
[Black "Fedorchuk, Sergey A"]
[Result "1/2-1/2"]
[WhiteElo "2320"]
[BlackElo "2457"]

1.d4 Nf6 2.Nf3 e6 3.c4 b6 4.g3 Ba6 5.Nbd2 Bb7 6.Bg2 c5 7.e4 cxd4 8.e5 Ng4
9.O-O d6 10.h3 Nxe5 11.Nxe5 Bxg2 12.Nxf7 Kxf7 13.Kxg2 Nd7 14.Ne4 e5 15.Qf3+ Nf6
16.Ng5+ Kg8 17.Qb7 Qe8 18.Re1 Rc8  1/2-1/2

[Event "Extraliga CZE"]
[Site "Ostrava CZE"]
[Date "2000.01.15"]
[Round "6"]
[White "Korobov,A"]
[Black "Langner,L"]
[Result "1/2-1/2"]
[WhiteElo "2336"]
[BlackElo "2355"]

1.d4 Nf6 2.c4 c5 3.d5 e5 4.Nc3 d6 5.e4 g6 6.g3 Bg7 7.Bg2 O-O 8.Nge2 Nh5 9.O-O Nd7
10.g4 Nf4 11.Nxf4 exf4 12.Bxf4 Ne5 13.Bxe5 Bxe5 14.f4 Bd4+ 15.Kh1 Qh4 16.g5 f6
17.gxf6 g5 18.Qd2 Rxf6 19.f5 Rh6 20.Bf3 Kh8 21.Qg2 Be5 22.Rf2 Bxh2 23.Qxh2 Qxf2
24.Qxh6 Qxf3+ 25.Kg1 Qg3+ 26.Kf1 Bxf5 27.exf5 Qf3+ 28.Kg1 Qg3+ 29.Kh1 Qf3+
30.Kg1 Qg3+  1/2-1/2

[Event "Open"]
[Site "Polanica Zdroj POL"]
[Date "2000.08.24"]
[Round "7"]
[White "Korobov,A"]
[Black "Jaracz,P"]
[Result "0-1"]
[WhiteElo "2378"]
[BlackElo "2511"]

1.d4 e6 2.c4 Nf6 3.Nf3 b6 4.g3 Bb4+ 5.Bd2 Be7 6.Bg2 c6 7.O-O d5 8.Nc3 Bb7
9.Qc2 O-O 10.e4 Nbd7 11.e5 Ne8 12.cxd5 cxd5 13.h4 Ba6 14.Rfe1 b5 15.Ng5 g6
16.Nxd5 exd5 17.e6 Nb6 18.exf7+ Rxf7 19.Nxf7 Kxf7 20.Bh6 Bf6 21.Re3 Nd6 22.Rae1 Nf5
23.Re8 Qxe8 24.Rxe8 Rxe8 25.Bg5 Nxd4 26.Qc7+ Re7 27.Qd6 Bxg5 28.hxg5 Ne6
29.Bxd5 Nxd5 30.Qxa6 b4 31.Qd6 Nec7 32.f4 Ke8 33.Kf2 Re6 34.Qc5 a6 35.Qd4 Re7
36.a3 bxa3 37.bxa3 Kd7 38.g4 Rf7 39.Kg3 Rxf4 40.Qg7+ Ne7 41.Qc3 Rf7 42.a4 Ned5
43.Qc5 Re7 44.a5 Re5 45.Qf2 Rxg5 46.Qf7+ Ne7 47.Qxh7 Rxa5 48.Qh1 g5 49.Qd1+ Rd5
50.Qa4+ Kc8 51.Kf3 a5 52.Ke4 Kb7 53.Qa3 Nc6 54.Qb3+ Rb5 55.Qa3 Re5+ 56.Kd3 Nb5
57.Qf8 a4 58.Kc2 a3 59.Kb3 Re2 60.Qg7+ Kb6 61.Ka4 Re4+ 62.Kb3 Rxg4 63.Ka2 Rg2+
64.Ka1 Nbd4 65.Qf8 Rc2 66.Kb1 Rb2+  0-1

[Event "Chigorin Mem"]
[Site "St Petersburg RUS"]
[Date "2000.11.01"]
[Round "2"]
[White "Korobov,A"]
[Black "Smikovski,I"]
[Result "1/2-1/2"]
[WhiteElo "2378"]
[BlackElo "2489"]

1.d4 Nf6 2.c4 g6 3.Nc3 d5 4.Nf3 Bg7 5.e3 O-O 6.cxd5 Nxd5 7.Bc4 Nb6 8.Bb3 c5
9.O-O cxd4 10.exd4 Nc6 11.d5 Na5 12.Bg5 Bg4 13.Re1 Re8 14.h3 Bxf3 15.Qxf3 Qd7
16.Rad1 Nac4 17.Re2 h6 18.Bc1 Rac8 19.h4 h5 20.Ne4 Ne5 21.Qg3 a5 22.Bf4 Nbc4
23.Bxc4 Nxc4 24.b3 Nb6 25.Be5 Qg4 26.Qxg4 hxg4 27.Bxg7 Kxg7 28.d6 exd6 29.Rxd6 Rc1+
30.Kh2 Rc6 31.Rxc6 bxc6 32.Nc3 Rd8 33.Ne4  1/2-1/2

[Event "Chigorin Mem"]
[Site "St Petersburg RUS"]
[Date "2000.11.05"]
[Round "5"]
[White "Kuzmin,G"]
[Black "Korobov,A"]
[Result "1/2-1/2"]
[WhiteElo "2528"]
[BlackElo "2378"]

1.e4 c5 2.Nf3 d6 3.Nc3 Nf6 4.d4 cxd4 5.Qxd4 Bd7 6.Bg5 Nc6 7.Qd2 Qa5 8.Bd3 e6
9.O-O Be7 10.a3 O-O 11.Rfe1 Rad8 12.Rad1 Rfe8 13.Bb5 Qb6 14.Qe3 Qxe3 15.Bxe3 a6
16.Bf1 b5 17.h3 Bc8 18.Rd2 Bb7 19.Red1 Nd7 20.Bg5 f6 21.Be3 Kf7 22.Bf4 Nde5
23.Nd4 Rc8 24.Bg3 Na5 25.Bxe5 dxe5 26.Nb3 Nxb3 27.cxb3 Bc5 28.b4 Bd4 29.Ne2 Ba7
30.Nc3 Bd4 31.Ne2  1/2-1/2

[Event "2nd IECC"]
[Site "Ohrid MKD"]
[Date "2001.06.02"]
[Round "2"]
[White "Korobov,A"]
[Black "Moiseenko,A"]
[Result "1-0"]
[WhiteElo "2401"]
[BlackElo "2561"]

1.d4 e6 2.c4 f5 3.g3 Nf6 4.Bg2 d5 5.Nh3 c6 6.O-O Bd6 7.Bf4 Be7 8.Nd2 O-O
9.a3 h6 10.Bxb8 Rxb8 11.Nf4 Bd6 12.Nd3 Bd7 13.b4 Be8 14.Qb3 Ne4 15.Nf3 Bh5
16.Ra2 Kh8 17.Nfe5 g5 18.a4 Qc7 19.c5 Be7 20.b5 Nf6 21.b6 axb6 22.cxb6 Qc8
23.a5 Nd7 24.Nxd7 Qxd7 25.Rc1 Bd6 26.Qc2 Qg7 27.Nc5 Rbe8 28.a6 bxa6 29.Rxa6 Qxd4
30.Nd7 Rg8 31.b7 Rd8 32.Qxc6 Bxe2 33.Qxd6 Bxa6 34.b8=Q Rxb8 35.Nxb8 Qd2 36.Qe5+ Rg7
37.Ra1 Bc8 38.Ra7  1-0

[Event "2nd IECC"]
[Site "Ohrid MKD"]
[Date "2001.06.03"]
[Round "3"]
[White "Epishin,V"]
[Black "Korobov,A"]
[Result "0-1"]
[WhiteElo "2579"]
[BlackElo "2401"]

1.d4 Nf6 2.c4 e6 3.Nf3 b6 4.g3 Bb7 5.Bg2 Be7 6.Nc3 Ne4 7.Bd2 O-O 8.d5 f5
9.Qc2 Nd6 10.Bf4 Bf6 11.O-O Qe7 12.Bxd6 cxd6 13.Rac1 Na6 14.dxe6 dxe6 15.Rfd1 Rac8
16.Qa4 Rfd8 17.e3 Rd7 18.Nd4 Nc5 19.Qc2 Bxg2 20.Kxg2 Rdd8 21.Qe2 Nd7 22.b3 Nf8
23.f4 g5 24.e4 Qg7 25.Qf2 gxf4 26.exf5 f3+ 27.Kxf3 Qb7+ 28.Kg4 Rc5 29.Kh3 Bxd4
30.Qxd4 Rxf5 31.Ne4 Ng6 32.Rf1 Rdf8 33.Nxd6 Rh5+ 34.Kg4 Rh4+  0-1

[Event "2nd IECC"]
[Site "Ohrid MKD"]
[Date "2001.06.04"]
[Round "4"]
[White "Korobov,A"]
[Black "Iordachescu,V"]
[Result "1/2-1/2"]
[WhiteElo "2401"]
[BlackElo "2589"]

1.d4 Nf6 2.c4 e6 3.Nf3 b6 4.g3 Ba6 5.Nbd2 d5 6.Bg2 Be7 7.O-O O-O 8.b3 c5
9.Bb2 Nc6 10.Rc1 Rc8 11.dxc5 bxc5 12.cxd5 exd5 13.Re1 Re8 14.e4 Nb4 15.e5 Nd7
16.e6 fxe6 17.Rxe6 Nf8 18.Bh3 Rc6 19.Nd4 Rb6 20.Rxb6 Qxb6 21.Nf5 Bf6 22.Qh5 g6
23.Nh6+ Kg7 24.Nf5+ Kh8 25.Bxf6+ Qxf6 26.Qh6 Nd3 27.Rd1 Nd7 28.Nh4 N7e5 29.Bf5 Kg8
30.Bxd3 Nxd3 31.Ndf3 c4 32.bxc4 dxc4 33.Qd2 c3 34.Qc2 g5 35.Nxg5 Qxg5 36.Qb3+ Kf8
37.Qxc3 Qe5 38.Qa3+ Nc5 39.Rc1 Rc8 40.Nf3 Qd5 41.Qe3 Bb7 42.Rc3 Ne6 43.Rxc8+ Bxc8
44.Ne5 Bb7 45.f3 Qxa2 46.Qh6+ Kg8 47.Qf6 Qb1+ 48.Kg2 Qc2+ 49.Kh3 Qc8 50.Qf7+ Kh8
51.Qf6+ Ng7+ 52.g4 Bd5 53.Qd6 Be6 54.Qa3 a6 55.Qa5 Bg8 56.f4 Qe6 57.f5 Qb3+
58.Kh4 Qe3 59.h3 Ne8 60.Qa1 Qh6+ 61.Kg3 Qf6 62.h4 h6 63.Kf4 Bh7 64.Qa4 Qe7
65.g5 hxg5+ 66.hxg5 Nd6 67.g6 Qf6 68.Qc2 Qxf5+ 69.Qxf5  1/2-1/2

[Event "2nd IECC"]
[Site "Ohrid MKD"]
[Date "2001.06.07"]
[Round "7"]
[White "Neverov,V"]
[Black "Korobov,A"]
[Result "1/2-1/2"]
[WhiteElo "2562"]
[BlackElo "2401"]

1.d4 Nf6 2.c4 e6 3.Nf3 b6 4.Nc3 Bb7 5.a3 d5 6.Bg5 Be7 7.Qa4+ c6 8.Bxf6 Bxf6
9.cxd5 exd5 10.g3 O-O 11.Bg2 Re8 12.O-O Nd7 13.Rfd1 Be7 14.e4 dxe4 15.Nxe4 Qc7
16.Rac1 Rad8 17.b4 Qb8 18.Qb3 h6 19.Re1 Qa8 20.Nh4 Bxh4 21.Nd6 Rf8 22.gxh4 Nf6
23.Qg3 Nh5 24.Qe5 Nf6 25.Qg3 Nh5 26.Qe5 Nf6 27.h3 a6 28.Re3 Nd7 29.Qg3 Nf6
30.Re7 Bc8 31.Rxc6 Be6 32.Rcc7 Qb8 33.d5 Rd7 34.Rcxd7 Bxd7 35.Nc4 Qc8 36.Qf4 Bxh3
37.Nxb6 Qd8 38.Qc7 Bxg2 39.Kxg2 Nxd5 40.Qxd8 Rxd8 41.Rd7 Rxd7 42.Nxd7 g5
43.Nc5 Nc7 44.hxg5 hxg5 45.Ne4 Ne6 46.a4 Kf8 47.Kg3 f5 48.Nd6 Nd4 49.Nb7 Nc6
50.b5 axb5 51.axb5 Nd4 52.b6 Ke7 53.Nc5  1/2-1/2

[Event "2nd IECC"]
[Site "Ohrid MKD"]
[Date "2001.06.09"]
[Round "8"]
[White "Korobov,A"]
[Black "Psakhis,L"]
[Result "0-1"]
[WhiteElo "2401"]
[BlackElo "2575"]

1.d4 e6 2.c4 Nf6 3.Nf3 b6 4.g3 Ba6 5.Nbd2 Bb7 6.Bg2 c5 7.e4 cxd4 8.O-O d6
9.Nxd4 Nbd7 10.b3 a6 11.Bb2 Qc7 12.Qe2 Be7 13.f4 O-O 14.Rac1 g6 15.Kh1 Rac8
16.Nc2 Ne8 17.g4 Bf6 18.Ba3 Nc5 19.Ne3 Bg7 20.g5 Qe7 21.h4 f6 22.b4 Nd7 23.Qg4 f5
24.exf5 gxf5 25.Qe2 Bxg2+ 26.Kxg2 a5 27.Rfe1 axb4 28.Nd5 Qf7 29.Qxe6 Qxe6
30.Rxe6 bxa3 31.Ne7+ Kf7 32.Nxc8 Kxe6 33.Re1+ Be5 34.fxe5 dxe5 35.Rb1 Nd6
36.Nxb6 Nc5 37.Nd5 e4 38.Nf4+ Ke5 39.Kg3 Rc8 40.Rd1 Ne6 41.Nf3+ exf3 42.Rd5+ Ke4
43.Nxe6 Nxc4 44.Rd7 f4+ 45.Kf2 Nb2 46.Rc7 Nd3+  0-1

[Event "2nd IECC"]
[Site "Ohrid MKD"]
[Date "2001.06.10"]
[Round "9"]
[White "Aronian,L"]
[Black "Korobov,A"]
[Result "1/2-1/2"]
[WhiteElo "2528"]
[BlackElo "2401"]

1.Nf3 Nf6 2.g3 d5 3.Bg2 c6 4.O-O Bg4 5.d3 Nbd7 6.Qe1 e5 7.e4 dxe4 8.dxe4 Bc5
9.Nbd2 O-O 10.h3 Bh5 11.Nc4 Re8 12.a4 Qc7 13.Nh4 b5 14.Na5 Bb6 15.Nb3 a6
16.Bg5 c5 17.a5 Ba7 18.c4 h6 19.Be3 Rab8 20.Nd2 Nf8 21.g4 Bg6 22.f4 exf4
23.Bxf4 Qd7 24.e5 Bd3 25.Qf2 Bxf1 26.Rxf1 N6h7 27.Nf5 Ng6 28.Nd6 Rxe5 29.Bxe5 Nxe5
30.N2e4 bxc4 31.Qe2 Ng5 32.Rd1 Ne6 33.Nf2 Ng6 34.Qxc4 Rxb2 35.Qc1 Ra2 36.Qb1 Qa4
37.Nc8 Rxf2 38.Kxf2 Qf4+ 39.Kg1 Bb8 40.Qe4 Qh2+ 41.Kf1 Nef4 42.Ne7+ Kh7 43.Nxg6 fxg6
44.Rd8 Bc7 45.Rf8 Nxh3 46.Bxh3 Qxh3+ 47.Ke2 Qh2+ 48.Kf1 Qh3+ 49.Ke2 Bxa5
50.Rf6 Qh2+ 51.Kf1 gxf6  1/2-1/2

[Event "2nd IECC"]
[Site "Ohrid MKD"]
[Date "2001.06.13"]
[Round "12"]
[White "Korobov,A"]
[Black "Degraeve,JM"]
[Result "0-1"]
[WhiteElo "2401"]
[BlackElo "2589"]

1.d4 Nf6 2.c4 e6 3.Nc3 c5 4.d5 d6 5.Nf3 exd5 6.cxd5 g6 7.g3 Bg7 8.Bg2 O-O
9.O-O Re8 10.Nd2 Nbd7 11.a4 Ne5 12.h3 g5 13.Nde4 Nxe4 14.Nxe4 h6 15.f4 gxf4
16.gxf4 Ng6 17.f5 Nh4 18.Ng3 Be5 19.Ra3 Nxg2 20.Kxg2 Qh4 21.e4 Bd7 22.Raf3 Kh7
23.Rf4 Qf6 24.Qh5 Rg8 25.Rg4 Bxa4 26.Kf3 Bc2 27.Rg1 Bxg3 28.Kxg3 Bxe4 29.Kh2 Bxf5
30.Rxg8 Rxg8 31.Rxg8 Kxg8 32.Qxh6 Bg6 33.Qe3 Qd4 34.Qxd4 cxd4 35.Bf4 Be4
36.Kg3 Bxd5 37.Bxd6 d3 38.Kf2 Be4 39.Ke3 Kh7 40.b4 Kg6 41.b5 a5 42.bxa6 bxa6
43.Bb4 Bf5 44.Ba5 Kf6 45.h4 Ke5 46.h5 Kd5 47.Kf4 Bh7 48.Kg5 Kc4 49.Kf6 Kb5
50.Bd2 a5 51.Ke5 a4 52.Kd4 a3 53.Kc3 Ka4 54.h6 Bg6 55.Bc1 a2 56.Bb2 Kb5 57.Kd2 Kc4
58.Ba1 f5  0-1

[Event "2nd IECC"]
[Site "Ohrid MKD"]
[Date "2001.06.14"]
[Round "13"]
[White "Kantsler,B"]
[Black "Korobov,A"]
[Result "1/2-1/2"]
[WhiteElo "2507"]
[BlackElo "2401"]

1.d4 Nf6 2.c4 e6 3.Nc3 Bb4 4.e3 O-O 5.Ne2 b6 6.a3 Bxc3+ 7.Nxc3 Bb7 8.f3 Nh5
9.g3 f5 10.Bg2 d6 11.O-O Nd7 12.d5 exd5 13.cxd5 a5 14.Rb1 Ba6 15.Rf2 Qf6
16.f4 Qg6 17.b4 Nhf6 18.Qd4 Ng4 19.Rf3 axb4 20.axb4 Qh5 21.h3 Ngf6 22.Bb2 Qg6
23.Kh2 Rfe8 24.Re1 h6 25.Ra1 Bb7 26.Rxa8 Rxa8 27.Qc4 Rc8 28.Rf1 Nh5 29.Ne2 Ndf6
30.Ra1 Qf7 31.Bxf6 Nxf6 32.Nc3 c5 33.Ra7 Ra8 34.Rxa8+ Bxa8 35.bxc5 bxc5 36.Qa6 Qf8
37.Qd3 Qc8 38.Bf3  1/2-1/2

[Event "TCh-Europe Boys U18"]
[Site "Balatonlelle HUN"]
[Date "2001.06.22"]
[Round "1"]
[White "Seel,C"]
[Black "Korobov,A"]
[Result "0-1"]
[WhiteElo "2250"]
[BlackElo "2401"]

1.Nf3 Nf6 2.c4 e6 3.g3 d5 4.Bg2 Be7 5.O-O O-O 6.d4 dxc4 7.Qc2 a6 8.a4 Nbd7
9.Nbd2 Nb6 10.Nxc4 Nxc4 11.Qxc4 b5 12.Qd3 Bb7 13.axb5 Be4 14.Qb3 Qb8 15.Ra5 c6
16.b6 Bd5 17.Qc2 Qxb6 18.Ra1 c5 19.dxc5 Bxc5 20.Ne5 Bb3 21.Qc3 Rac8 22.Be3 Bxe3
23.Qxe3 Qxe3 24.fxe3 Rc2 25.Rxa6 Rxe2 26.e4 Bc2 27.Bf3 Re3 28.Ra3 Rxa3 29.bxa3 Bxe4
30.Nd7 Nxd7 31.Bxe4 f5 32.Bg2 Rc8 33.a4 Rc5 34.Rb1 Ra5 35.Bc6 Nc5 36.Kf2 Kf7
37.Kf3 Kf6 38.Rb4 Nd3 39.Rb5 Ne5+  0-1

[Event "TCh-Europe Boys U18"]
[Site "Balatonlelle HUN"]
[Date "2001.06.27"]
[Round "5"]
[White "Djukic,Ni"]
[Black "Korobov,A"]
[Result "1-0"]
[WhiteElo "2382"]
[BlackElo "2401"]

1.d4 Nf6 2.c4 e6 3.Nc3 Bb4 4.Qc2 O-O 5.a3 Bxc3+ 6.Qxc3 b6 7.Bg5 Bb7 8.e3 h6
9.Bh4 c5 10.dxc5 bxc5 11.f3 Nc6 12.O-O-O Ba6 13.Nh3 Rb8 14.Bxf6 Qxf6 15.Qxf6 gxf6
16.Rxd7 Ne5 17.Rxa7 Bxc4 18.f4 Nc6 19.Rc7 Bd5 20.Nf2 f5 21.Rg1 Rb3 22.g4 Rxe3
23.gxf5+ Kh8 24.Ng4 Re1+ 25.Kd2 Rb1 26.Nf6 Rxb2+ 27.Kc1 Rfb8 28.Rxf7 Rb1+
29.Kd2 R8b2+ 30.Ke3 Re1+ 31.Kd3 Be4+ 32.Nxe4 c4+ 33.Kc3 Rb3+ 34.Kxc4 Rb8
35.Nf6 Rc1+ 36.Kd3 Rd8+ 37.Ke3  1-0

[Event "TCh-Europe Boys U18"]
[Site "Balatonlelle HUN"]
[Date "2001.06.29"]
[Round "7"]
[White "Pinter,G"]
[Black "Korobov,A"]
[Result "1-0"]
[WhiteElo "2403"]
[BlackElo "2401"]

1.e4 c5 2.Nf3 d6 3.d4 cxd4 4.Nxd4 Nf6 5.Nc3 a6 6.Be2 e6 7.Be3 Be7 8.f4 O-O
9.g4 Nc6 10.g5 Nd7 11.h4 Nxd4 12.Qxd4 b5 13.a3 Bb7 14.O-O-O Rc8 15.h5 e5
16.Qd2 Nc5 17.Bf3 exf4 18.Bxf4 f5 19.Kb1 fxe4 20.Bg4 Rc7 21.Nd5 Bxd5 22.Qxd5+ Kh8
23.Be3 Qa8 24.h6 Qxd5 25.Rxd5 gxh6 26.Bd4+ Kg8 27.b4 Nb7 28.Be6+ Rf7 29.g6  1-0

[Event "ch-UKR"]
[Site "Ordzhonikidze UKR"]
[Date "2001.09.08"]
[Round "1"]
[White "Miroshnichenko,E"]
[Black "Korobov,A"]
[Result "1/2-1/2"]
[WhiteElo "2539"]
[BlackElo "2470"]

1.e4 c5 2.Nf3 d6 3.d4 cxd4 4.Nxd4 Nf6 5.Nc3 a6 6.Be2 e6 7.O-O Be7 8.a4 O-O
9.Be3 Nc6 10.f4 Qc7 11.Qe1 Bd7 12.Qg3 Nxd4 13.Bxd4 Bc6 14.a5 g6 15.f5 e5
16.Bb6 Qd7 17.Rad1 Kh8 18.Bc4 gxf5 19.Nd5 Bxd5 20.Bxd5 fxe4 21.Rxf6 Bxf6
22.Bxe4 Bg7 23.Rf1 d5 24.Qd3 f5 25.Qxd5 Qc8 26.Bd3 e4 27.Bc4 Rb8 28.b3 Qe8
29.Rxf5 Rxf5 30.Qxf5 Rc8 31.Bd5 Rxc2 32.Bxe4 Rc1+ 33.Kf2 Qg8 34.Bd5 Qe8 35.Be4 Qg8
36.Bd5 Qe8  1/2-1/2

[Event "ch-UKR"]
[Site "Ordzhonikidze UKR"]
[Date "2001.09.15"]
[Round "8"]
[White "Berelovich,A"]
[Black "Korobov,A"]
[Result "1-0"]
[WhiteElo "2513"]
[BlackElo "2470"]

1.e4 c5 2.c3 e6 3.d4 d5 4.exd5 exd5 5.Nf3 Bd6 6.Bb5+ Nc6 7.dxc5 Bxc5 8.O-O Ne7
9.Nbd2 O-O 10.Nb3 Bd6 11.Bg5 Bg4 12.Be2 h6 13.Bh4 Re8 14.Re1 Qd7 15.Bg3 Bxg3
16.hxg3 Rad8 17.Qd2 Ng6 18.Rad1 Qc7 19.Nfd4 Bxe2 20.Rxe2 Rxe2 21.Qxe2 Nce5
22.Nf5 b6 23.Ne3 Ne7 24.Nd4 Qc5 25.Ndf5 Nxf5 26.Nxf5 Ng6 27.Rd4 Kf8 28.Qd2 Ne7
29.Nxe7 Kxe7 30.c4 Rd6 31.b4 Qc6 32.cxd5 Qd7 33.Qc2 Qd8 34.Qf5 Qd7 35.Qd3 Kf8
36.Kh2 Qd8 37.a3 Qg5 38.Qe4 g6 39.Rd3 Kg7 40.a4 Qh5+ 41.Kg1 Qg5 42.b5 Qd8
43.Qe5+ Kg8 44.f4 Qd7 45.g4 Qc7 46.Kh2 Qd7 47.f5 g5 48.f6 Qc7 49.Qe8+ Kh7
50.Qe4+ Kg8 51.Qe5 Qd8 52.Qe7 Qb8 53.Kh3 Qd8 54.Qxd8+ Rxd8 55.d6 Rd7 56.Kg3 Kf8
57.Kf3 Ke8 58.Ke4 Rd8 59.Kd5 Rc8 60.Re3+ Kd8 61.Re7 Rc5+ 62.Kd4 Rc2 63.Rxf7 Rxg2
64.Rxa7 Rxg4+ 65.Ke5  1-0